Preferencie účastníkov vinárskeho cestovného ruchu diplomová práca

Na minha lista:
Detalhes bibliográficos
Autor principal: Simon, Marek
Autor Corporativo: Obchodná fakulta EU. Katedra tovaroznalectva a kvality tovaru
Outros Autores: Krnáčová, Paulína, 1983-
Formato: Livro
Idioma:eslovaco
Publicado em: Bratislava 2019
Tags: Adicionar Tag
Sem tags, seja o primeiro a adicionar uma tag!

MARC

LEADER 00000nbm a2200000 4500
001 0257853
005 20191029140443.4
041 0 |a slo 
044 |a SK 
245 1 0 |a Preferencie účastníkov vinárskeho cestovného ruchu  |b diplomová práca  |c Marek Simon ; školiteľ: Paulína Krnáčová 
264 1 |a Bratislava  |c 2019 
300 |a 51 s. 
100 1 |a Simon, Marek 
700 1 |a Krnáčová, Paulína, 1983- 
710 2 |a Obchodná fakulta EU. Katedra tovaroznalectva a kvality tovaru